Crimen y castigo / Fedor Dostoyevski (Dostoievski)
Guardado en:
| Hovedforfatter: | |
|---|---|
| Format: | Bog |
| Sprog: | Undetermined |
| Udgivet: |
Bilbao, España
Vasco Americana
1977
|
| Fag: | |
| Tags: |
Tilføj Tag
Ingen Tags, Vær først til at tagge denne postø!
|
MARC
| LEADER | 00000nam a2200000Ia 4500 | ||
|---|---|---|---|
| 008 | 170316s9999 xx 000 0 und d | ||
| 040 | |a cru BVZT | ||
| 090 | |a 891 D-2c | ||
| 100 | |a Dostoyevski (Dostoievski), Fedor | ||
| 245 | |a Crimen y castigo / Fedor Dostoyevski (Dostoievski) | ||
| 260 | |a Bilbao, España | ||
| 260 | |b Vasco Americana | ||
| 260 | |c 1977 | ||
| 300 | |a 178 páginas. | ||
| 650 | |a LITERATURA RUSA | ||
| 650 | |a NOVELA | ||
| 650 | |a DOSTOIEWSKI | ||
| 999 | |c 15259 |d 15259 | ||
| 942 | |c 15 D |h 891 D-2c |2 z | ||
